|
|
|
|
| LEADER |
00000nam0a2200000 4500 |
| 001 |
236463 |
| 005 |
20231101231456.0 |
| 010 |
|
|
|a 9785392068890
|
| 035 |
|
|
|a (RuTPU)RU\TPU\book\257627
|
| 090 |
|
|
|a 236463
|
| 100 |
|
|
|a 20130424d2013 m y0rusy50 ca
|
| 101 |
0 |
|
|a rus
|
| 102 |
|
|
|a RU
|
| 105 |
|
|
|a a j 001zy
|
| 200 |
1 |
|
|a Основы управления
|e учебное пособие для бакалавров
|f Московская государственная юридическая академия (МГЮА) ; под ред. А. А. Петрова
|
| 210 |
|
|
|a Москва
|c Проспект
|d 2013
|
| 215 |
|
|
|a 227 с.
|c ил.
|
| 320 |
|
|
|a Библиогр.: с. 227.
|
| 320 |
|
|
|a Словарь основных терминов: с. 216-226.
|
| 330 |
|
|
|a В учебном пособии излагаются основные принципы и методы управления организацией. Даются понятие и классификация организаций, законы их развития и функционирования. Кратко излагаются управленческие типы организационных структур. Рассмотрен процесс управления организацией (в том числе и рабочим временем), его цели, миссия и функции. Описывается процесс разработки, принятия и реализации решений. Рассмотрены стили руководства и проблемы взаимоотношений руководителя и коллектива, а также социально-психологические особенности отношений в коллективе и эффективность управления. Для студентов бакалавриата, преподавателей и всех, кто интересуется проблемами управления.
|
| 606 |
1 |
|
|a Менеджмент
|2 stltpush
|3 (RuTPU)RU\TPU\subj\42098
|9 61850
|
| 610 |
1 |
|
|a управление
|
| 610 |
1 |
|
|a методология
|
| 610 |
1 |
|
|a организации
|
| 610 |
1 |
|
|a организационные структуры
|
| 610 |
1 |
|
|a цели
|
| 610 |
1 |
|
|a функции
|
| 610 |
1 |
|
|a мотивация
|
| 610 |
1 |
|
|a коммуникации
|
| 610 |
1 |
|
|a управленческие решения
|
| 610 |
1 |
|
|a принятие
|
| 610 |
1 |
|
|a руководители
|
| 610 |
1 |
|
|a руководство
|
| 610 |
1 |
|
|a стили
|
| 610 |
1 |
|
|a коллектив
|
| 610 |
1 |
|
|a социально-психологические отношения
|
| 610 |
1 |
|
|a учебные пособия
|
| 686 |
|
|
|a У9(2)212я73
|v LBC/SL-A
|2 rubbk
|
| 702 |
|
1 |
|a Петров
|b А. А.
|4 340
|
| 712 |
0 |
2 |
|a Московская государственная юридическая академия (МГЮА)
|c (1993- )
|2 stltpush
|3 (RuTPU)RU\TPU\col\941
|
| 801 |
|
1 |
|a RU
|b 63413507
|c 20130424
|
| 801 |
|
2 |
|a RU
|b 63413507
|c 20150515
|g RCR
|
| 900 |
|
|
|a Основы управленческой деятельности
|
| 942 |
|
|
|c BK
|
| 951 |
|
|
|b 030900
|
| 959 |
|
|
|a 43/20130221
|d 2
|e 260,00
|f ЧЗГЛ:1
|f АНЛ:1
|